000 00525nam a2200145Ia 4500
008 090124s9999 xx 000 0 und d
082 _b129060
245 _a विनोद बत्तिशी ( निवडक विनोदी कथा )
250 _a1
260 _c1999
300 _a176
630 _a विनोद बत्तिशी ( निवडक विनोदी कथा )
730 _a विनोद बत्तिशी ( निवडक विनोदी कथा )
942 _cBOOK
999 _c175149
_d175149